King Richard I of England - Statistics

General Stats
  • This quiz has been taken 12 times
  • The average score is 10 of 15
Answer Stats
Hint Answer % Correct
Richard gained this nickname due his reputation as a great military leader Cœur de Lion
100%
... which ended when he signed a peace treaty with this Muslim ruler Saladin
100%
Was an important military commander in this religious war Third Crusade
100%
Succeeded this king, his father, in 1189 Henry II
91%
One of Richard's greatest military achievements was the conquest of this Mediterranean island Cyprus
82%
Imprisoned by Henry VI, leader of this medieval empire, on his way back to England Holy Roman Empire
82%
Richard's mother, an extremely wealthy and powerful duchess, raised the ransom Eleanor of Aquitaine
73%
He adopted three lions as his coat of arms - which possibly represented these regions of his kingdom England
73%
Richard (possibly) spent just how many months in England during his reign 6
64%
Normandy
55%
Richard died in 1199, following a wound inflicted by this weapon Crossbow
45%
In 1198, Richard took this phrase meaning 'God and my Right' as his motto - still used by the British monarchy today Dieu et mon Droit
36%
Following his release, Richard waged war against this French king who had taken part of Normandy during the imprisonment Philip II
36%
Aquitaine
27%
... who demanded 150,000 marks as ransom, equal to this weight of silver 100,000 pounds
18%
No matching quizzes found
Score Distribution
Percent of People with Each Score
Percentile by Number Answered
Your Score History
You have not taken this quiz